| 000 | 00635nam a2200169 a 4500 | ||
|---|---|---|---|
| 001 | 000024124 | ||
| 005 | 20200930022734.0 | ||
| 008 | 110119s1999 dr a 000 0 spa d | ||
| 040 |
_aDO-SdBNP _bspa _cBNPHU |
||
| 082 |
_axxx _bI597i |
||
| 110 | 1 |
_aInstituto Nacional de Formación Técnico Profesional _bOficina de planificación, departamento de investigación _949540 |
|
| 245 | 1 | 0 |
_aInfotep en cifras : _bestadisticas de las acciones formativas 1982-1998. |
| 260 |
_aSanto Domingo : _bINFOTEP, _c1999. |
||
| 300 |
_a92 P. : _bgraf. ; _c29 cm. |
||
| 710 | 2 |
_aInstituto Nacional de Formación Técnico Profesional _935749 |
|
| 049 | _aBNPD | ||
| 999 |
_c23618 _d23618 |
||